Gem of the first water : oral stories /

Bibliographic Details
Main Author: Phillips, Ron, 1947-
Format: Book
Language:English
Published: San Jose, Calif. : Resource Publications, [1990]

MARC

Tag First Indicator Second Indicator Subfields
LEADER 00000cam a2200000 a 4500
001 in00001007335
005 20150927215128.0
008 900502s1990 caua 00011 eng
010 |a  90037990  
020 |a 0893901814 :  |c $14.95 
035 |a (OCoLC)21561832 
035 |9 AFD5762AM 
040 |a DLC  |c DLC  |d UtOrBLW 
049 |a TXAM 
050 0 0 |a PS3566.H515  |b G4 1990 
082 0 0 |a 813/.54  |2 20 
100 1 |a Phillips, Ron,  |d 1947- 
245 1 0 |a Gem of the first water :  |b oral stories /  |c told by Ron Phillips ; recorded by Dan Brewer ; illustrated by John Stavrianoudakis. 
264 1 |a San Jose, Calif. :  |b Resource Publications,  |c [1990] 
264 4 |c ©1990 
300 |a xvii, 226 pages :  |b illustrations ;  |c 22 cm. 
336 |a text  |b txt  |2 rdacontent 
337 |a unmediated  |b n  |2 rdamedia 
338 |a volume  |b nc  |2 rdacarrier 
999 |a MARS 
999 f f |s bb6b9f31-8767-3b46-9385-d695073b0c77  |i 73df7697-7354-305a-82cf-f447e0d08ec5  |t 0 
952 f f |p ric  |a Texas A&M University  |b Rellis Campus  |c Joint Library Facility  |d Remote Storage  |t 0  |e PS3566.H515 G4 1990  |h Library of Congress classification  |i unmediated -- volume  |m A14814340265 
998 f f |a PS3566.H515 G4 1990  |t 0  |l Remote Storage